On human worth and excellence

Manetti's account of dignitas and excellentia is covered in four books. The first three books praise the body, the soul and the body/soul composite. Manetti's last book turns from informing an audience to defeating opponents--from persuasion to polemic. He denounces a picture of human life...

Descripció completa

Guardat en:
Dades bibliogràfiques
Autor principal: Manetti, Giannozzo (autor)
Altres autors: Copenhaver, Brian P. (Editor, traductor)
Format: Llibre
Idioma:anglès
Publicat: Cambridge, Massachusetts, USA. Harvard University Press, 2018.
Col·lecció:The I Tatti Renaissance library
Matèries:
Etiquetes: Afegir etiqueta
Sense etiquetes, Sigues el primer a etiquetar aquest registre!

MARC

LEADER 00000cam a2200000 i 4500
001 20139284
003 CL-VaPUC
005 20240125111549.0
008 171102s2018 mau b 001 0 eng c
999 |c 423262  |d 423260 
010 |a  2017047325 
020 |a 9780674984585  |q (alk. paper) 
040 |a MH/DLC  |b eng  |c Pontificia Universidad Católica de Valparaíso  |e rda  |d DLC 
082 0 0 |a 128 MAN 2018  |2 23 
100 |a Manetti, Giannozzo  |e autor  |9 390 
245 1 0 |a On human worth and excellence  
264 1 |a Cambridge, Massachusetts, USA.  |b Harvard University Press,  |c 2018. 
300 |a 362 páginas  
440 |a The I Tatti Renaissance library  |n  85  |9 856580 
520 |a Manetti's account of dignitas and excellentia is covered in four books. The first three books praise the body, the soul and the body/soul composite. Manetti's last book turns from informing an audience to defeating opponents--from persuasion to polemic. He denounces a picture of human life so bleak that death seems better, and he retraces ground explored by the three previous books. The heart of his optimist Christian anthropology is a transcendent ideal, immortality: this is what makes imperfect, embodied humans authentically like a perfect, bodiless God. Other facts about humans show that goodness--also a divine ideal--belongs naturally to them and their earthly world, governed by God with providential care. The natural state of humans is original justice, not original sin, which defiles nature but does not liquidate it. Human life on earth is happy, even joyous, made so by pleasures--including sexual pleasure--that are good and part of God's plan. A sublime piece of God's craftwork is the human body--including the naked body, outside and inside, guts and all--whose image in art is mankind's visible divinity, whether painted on a church wall or carved in antique marble. The art itself--like technology and other vehicles of material culture--manifests human thought in action. Energy, effort, ingenuity and invention are forces of cultural, intellectual and material progress.'Progressive' seems the right word--adjusted for time and place--to use about these attitudes of Manetti's. To call them enlightened is also fair to his ideas about dignitas, which are ideas rooted in antiquity and renewed in the Renaissance, not ideas about the dignity invented in the Enlightenment.--  |c Provided by publisher 
583 |c 20200611 
650 0 |a Dignidad  |x Aspectos religiosos  |x Cristiandad  |9 317313 
650 0 |a Antropología teológica  |x Cristiandad  |9 464224 
700 1 |a Copenhaver, Brian P.,  |e editor  |e traductor  |9 856583 
942 |2 ddc  |c BK 
952 |0 0  |1 0  |2 ddc  |4 0  |6 128_000000000000000_MAN_2018  |7 0  |8 A  |9 576547  |a BIBHIS  |b BIBHIS  |d 2020-06-08  |e 3  |g 25172.00  |i 5576075  |o 128 MAN 2018  |p 5576075  |r 2025-01-20  |t 1  |v 25172.00  |w 2020-06-08  |y BK  |k HIS